| 000 | 00620nam a2200229 a 4500 | ||
|---|---|---|---|
| 999 |
_c626 _d626 |
||
| 008 | 190927s2004 xxka|||g |||| 001 0 eng d | ||
| 020 |
_a9780091900212 _c250.00 |
||
| 040 |
_aKO _beng |
||
| 041 | 0 | _aeng | |
| 044 | _axxk | ||
| 082 | 0 | 4 |
_223 _a650.1 _bH5501 |
| 100 | 1 | _aHill, Napoleon | |
| 245 | 1 | 0 |
_aThink And Grow Rich / _cNapoleon Hill ; Revised and expanded by Arthur R. Pell |
| 260 |
_aLondon : _bEbury Publishing, _c2003 |
||
| 300 |
_axvii, 302 p. ; _c20 cm. |
||
| 650 | 0 | _aFinance, Personal | |
| 650 | 0 | _aSuccess in business | |
| 700 | 1 |
_aPell, Arthur R. _eaut |
|
| 904 | _aS_JOY | ||
| 942 | _cBK | ||